| 000 | 01756cam a2200421 i 4500 | ||
|---|---|---|---|
| 001 | data | ||
| 005 | 20260322212122.0 | ||
| 008 | data | ||
| 035 | _a18188942 | ||
| 906 |
_a7 _bcbc _ccopycat _d2 _encip _f20 _gy-gencatlg |
||
| 925 | 0 |
_aacquire _b1 shelf copy _xpolicy default |
|
| 955 | _fre12 2015-03-25 | ||
| 010 | _a 2014943271 | ||
| 020 |
_a9780199688340 _q(paperback) |
||
| 020 |
_a0199688346 _q(paperback) |
||
| 035 | _a(OCoLC)878299459 | ||
| 040 |
_aYDXCP _beng _cYDXCP _erda _dDLC _dBDX _dOCLCQ _dIHI _dOCLCF _dIEG _dDLC |
||
| 042 | _alccopycat | ||
| 050 | 0 | 0 |
_aGV704 _b.C76 2014 |
| 100 | 1 |
_aCronin, Mike, _eauthor. |
|
| 245 | 1 | 0 |
_aSport : _ba very short introduction / _cMike Cronin. |
| 250 | _aFirst edition. | ||
| 264 | 1 |
_aNew York, NY : _bOxford University Press, _c[2014] |
|
| 264 | 4 | _c©2014 | |
| 300 |
_axvi, 133 pages : _billustrations ; _c18 cm. |
||
| 336 |
_atext _2rdacontent |
||
| 337 |
_aunmediated _2rdamedia |
||
| 338 |
_avolume _2rdacarrier |
||
| 490 | 1 |
_aVery short introductions ; _v411 |
|
| 504 | _aIncludes bibliographical references (pages 125-127) and index. | ||
| 505 | 0 | _aOrigins -- Modern -- Amateurs and professionals -- International -- Business -- Dark side. | |
| 650 | 0 | _aSports. | |
| 650 | 7 |
_aSports. _2fast _0(OCoLC)fst01130432 |
|
| 830 | 0 |
_aVery short introductions ; _v411. |
|
| 856 | 4 | 2 |
_3Contributor biographical information _uhttp://www.loc.gov/catdir/enhancements/fy1604/2014943271-b.html |
| 856 | 4 | 2 |
_3Publisher description _uhttp://www.loc.gov/catdir/enhancements/fy1604/2014943271-d.html |
| 856 | 4 | 1 |
_3Table of contents only _uhttp://www.loc.gov/catdir/enhancements/fy1604/2014943271-t.html |
| 999 |
_c1877 _d1877 |
||